Human rights and criminal justice
Saved in:
| 主要作者: | |
|---|---|
| 其他作者: | |
| 格式: | 图书 |
| 出版: |
London :
Sweet & Maxwell,
c2007
|
| 版: | 2nd ed. |
| 主题: | |
| 标签: |
添加标签
没有标签, 成为第一个标记此记录!
|
MARC
| LEADER | 00000nam a22000007a 4500 | ||
|---|---|---|---|
| 005 | 20260402182200.0 | ||
| 020 | |a 9780421876101 |c TZS 231,000/= | ||
| 040 | |a MCCL |b eng. |e AACR 2nd rev ed. | ||
| 082 | |a 341.48 EMM | ||
| 100 | |a Emmerson,Q.C. | ||
| 245 | |a Human rights and criminal justice |c / Q.C Emmerson, Q. C. Andrew Ashworth and Alison Macdonald | ||
| 250 | |a 2nd ed. | ||
| 260 | |a London : |b Sweet & Maxwell, |c c2007 | ||
| 300 | |a cxxxi, 905 p. : |c 24cm | ||
| 504 | |a Includes index | ||
| 546 | |a eng | ||
| 650 | |a Human rights | ||
| 650 | |a Criminal procedure | ||
| 650 | |a Criminal evidence | ||
| 700 | |a Ashwort,Andrew, Macdonald,alison | ||
| 942 | |c BK | ||
| 999 | |c 12573 |d 12573 | ||